| 000 -LEADER |
| fixed length control field |
00767nam a22001817a 4500 |
| 005 - DATE AND TIME OF LATEST TRANSACTION |
| control field |
20221006123458.0 |
| 008 - FIXED-LENGTH DATA ELEMENTS--GENERAL INFORMATION |
| fixed length control field |
221006s2018 rus||||| |||| 00| 0 ru d |
| 020 ## - INTERNATIONAL STANDARD BOOK NUMBER |
| International Standard Book Number |
978553403839 |
| 041 ## - LANGUAGE CODE |
| Language code of text/sound track or separate title |
ru |
| 080 ## - UNIVERSAL DECIMAL CLASSIFICATION NUMBER |
| Universal Decimal Classification number |
341(075.8) П-68 |
| 245 ## - TITLE STATEMENT |
| Title |
Право международных организаций : |
| Remainder of title |
Учебник и практикум для бакалавриата и магистратуры / |
| Statement of responsibility, etc. |
Под ред. А. Х. Абашидзе. |
| 264 ## - PRODUCTION, PUBLICATION, DISTRIBUTION, MANUFACTURE, AND COPYRIGHT NOTICE |
| Place of production, publication, distribution, manufacture |
Москва : |
| Name of producer, publisher, distributor, manufacturer |
Юрайт, |
| Date of production, publication, distribution, manufacture, or copyright notice |
2018. |
| 300 ## - PHYSICAL DESCRIPTION |
| Extent |
505 стр. |
| Other physical details |
25 см. |
| 653 ## - INDEX TERM--UNCONTROLLED |
| keyword |
საერთაშორისო ოგანიზაციები |
| 653 ## - INDEX TERM--UNCONTROLLED |
| keyword |
სამართალი |
| 700 ## - ADDED ENTRY--PERSONAL NAME |
| Personal name |
Абашидзе, А. Х. |
| Relator term |
რედაქტორი |
| 9 (RLIN) |
15089 |
| 942 ## - ADDED ENTRY ELEMENTS (KOHA) |
| Source of classification or shelving scheme |
|
| Koha item type |
წიგნი |